[Event "Norway Chess 5th"]
[Site "Stavanger"]
[Date "2017.06.12"]
[Round "6"]
[White "Caruana, Fabiano"]
[Black "Anand, Viswanathan"]
[Result "0-1"]
[WhiteElo "2805"]
[BlackElo "2786"]
[Annotator "Hillarp Persson,T"]
[PlyCount "94"]
[EventDate "2017.06.06"]
[EventType "tourn"]
[EventRounds "9"]
[EventCountry "NOR"]
[EventCategory "22"]
[SourceTitle "CBM 179"]
[Source "ChessBase"]
[SourceDate "2017.07.12"]
[SourceVersion "1"]
[SourceVersionDate "2017.07.12"]
[SourceQuality "1"]

1. c4 {This is rare occurence for Caruana who usually starts out with 1.e4.} ({
It is worth comparing what happens in the game with the not purely fictional
line:} 1. d4 Nf6 2. c4 e6 3. Nc3 Bb4 4. Qc2 O-O 5. a3 Bxc3+ 6. Qxc3 d6 7. Nf3
Nbd7 8. e3 (8. g3) 8... Re8 9. b4 e5 10. Be2 c6 {when we get a position that
will arise later in this game, but with Black to move.} (10... e4 $1)) 1... e5
{I have heard GMs saying that the problem with the English is - in order - 1...
e5, 1...c5 and 1...e6, and then there is nothing wrong with 1...Nf6 or 1...c6.
Further down on the list 1...b6 and 1...g6 argue about which one is the most
respectable.} 2. Nc3 ({When Mihail Marin wrote his wonderful books on the
English, he chose to recommend} 2. g3 {as the second move here. The only
downside to leaving out Nc3, is that Black can play the immediate} c6 3. d4 (3.
Nf3 e4 {is another fashionable possibility.}) 3... e4 $5 4. Nc3 d5 {and Black
seems to be doing fine. One sample line is}) 2... Bb4 $5 ({Another Bb4-line
arises after} 2... Nf6 3. Nf3 Nc6 4. g3 Bb4 {This line was already at the
centre of attention in the classic WCh match between Kasparov and Karpov, in
1987. Their 2nd and 4th games (with Kasparov as White) both went} (4... d5 5.
cxd5 Nxd5) 5. Bg2 O-O 6. O-O e4 7. Ng5 Bxc3 8. bxc3 Re8 9. f3 $1 {Lately White
has been scoring very well here and Caruana was able to score a nice win
against Anand in the Moscow Candidates 2016 (a game that has been excellently
commented on in CBM by Mihail Marin). He was possibly hoping to repeat this
line.} exf3 10. Nxf3 d5 11. d4 dxc4 12. Qc2 h6 13. Bf4 Ne4 14. Rad1 Bf5 15. Ne5
Nd6 $6 16. e4 Bh7 17. Qe2 $14 {Caruana,F (2794)-Anand,V (2762) Moscow 2016.}) (
2... c6 {is not as good here as after 2.g3, as} 3. Nf3 $1 d6 4. d4 {leaves
Black with little choice but to play either the Old Indian or a sideline of
the KID.} Nd7 5. e4 $14) 3. Nd5 (3. g3 Bxc3 4. bxc3 $1 (4. dxc3 d6 5. Bg2 Nc6
6. Nf3 Nge7 {is even nicer for Black.}) 4... d6 $1 5. Bg2 Ne7 $5 {and Black is
well organised to deal with any central setup that White might choose. The
knight is more flexible on e7 than on f6 and it is a good reason to try Bb4
before Nf6.}) 3... Bc5 (3... Be7 $5 4. d4 (4. g3) 4... d6 5. e4 Nf6 6. Nxe7
Qxe7 7. f3 exd4 8. Qxd4 Nc6 {is another interesting line, where White has to
decide where the queen is best placed. 9.Qc3 seems to be the consensus, but in
a game against Ginger GM in 2015 I came to the conclusion that e3 looked like
a better square:} 9. Qe3 O-O 10. Ne2 {[%cal Ge2c3] This is why I didn't want
my queen on c3.} a5 11. Nc3 Nb4 12. Qd2 Nd7 13. a3 Nc6 14. Nd5 Qd8 15. Qc3 f5
16. exf5 Ne7 17. g4 Nxd5 18. cxd5 Qh4+ 19. Kd1 Ne5 $2 (19... Nc5 20. Be3 Bd7
$13) 20. Bf4 $16 {Hillarp Persson,T (2521)-Williams,S (2439) London 2015}) 4.
Nf3 c6 5. Nc3 d6 {Anand reached this position no less than five times in 2016
and obviously has a lot of faith in its soundness.} 6. e3 (6. g3 Nf6 7. Bg2 O-O
8. O-O Re8 9. d3 (9. d4 exd4 10. Nxd4 a5 11. b3 Bg4 12. h3 Bh5 13. Bb2 {
, looks a bit better for White, to me, but Black's pieces are active and I can
understand why this kind of position would suit Anand's active style.}) 9... h6
10. Na4 Bb4 11. a3 Ba5 12. b4 Bc7 13. e4 Bg4 $132 {Caruana,F (2820)-Anand,V 
(2775) 8th London Classic 2016}) (6. a3 Nf6 7. e3 (7. Na4 e4) 7... e4 (7... Bb6
$5) 8. Nd4 O-O 9. d3 d5 10. cxd5 cxd5 11. Be2 Qe7 12. b4 Bb6 13. O-O Rd8 {
Topalov,V (2760)-Anand,V (2775) Champions Showdown 2016, was perhaps somewhat
more comfortable for White.}) 6... Bb4 $1 7. d4 Nd7 ({It seems that Anand
either has lost faith in or got bored with} 7... Bxc3+ 8. bxc3 e4 9. Nd2 Nf6 {
which he played in three games last year.} {Nakamura played the principled} 10.
Ba3 {and only got half a point out of two:} (10. f3 exf3 $6 (10... Bf5 $5) 11.
Qxf3 O-O 12. h3 Qa5 13. Bb2 (13. e4 $1) 13... Qf5 $132 {Nepomniachtchi,I (2740)
-Anand,V (2775) 10th Tal Mem 2016}) 10... b6 (10... O-O 11. c5 $5 d5 12. Be2
Re8 13. O-O b5 14. Bc1 a6 15. a4 Qd7 16. f4 ({It seems to me (and the engine)
that something like} 16. axb5 cxb5 17. f3 exf3 18. Rxf3 {, intending a
sacrifice on f6, surely must be much better for White.}) 16... exf3 17. Nxf3
Ne4 18. Ne5 $6 Rxe5 19. dxe5 Nxc3 20. Qc2 Nxa4 21. e4 Qe8 22. Bd3 $2 d4 $1 {
Nakamura,H (2775)-Anand,V (2775) Champions Showdown 2016, and Black went on to
win.}) 11. f4 $6 (11. f3 $1) 11... c5 $1 12. Be2 h5 13. Qc2 Bf5 14. g3 Nc6 15.
h3 Qd7 {Nakamura,H (2775)-Anand,V (2775) Champions Showdown Rapid 2016, and
White was lucky to escape with a draw. Nimzowitsch would rise from the dead
just to get a chance to play this position from the black side.}) 8. Qc2 {
A sensible way to avoid the doubled pawn on c3.} Ngf6 9. a3 Bxc3+ 10. Qxc3 O-O
11. Be2 Re8 12. b4 {This pawn move always make me cringe on the inside. I'm
not saying that it is bad, but when Black starts shuffling his pieces around
on the light squares it might be nice to still have this pawn on b3. I guess
there are a few GMs who agree with me, but the majority seem to value space
more than any vague notions about light squares.} e4 $1 {This is one of those
moves that you shouldn't hesitate to make. It is clearly the best Black can
hope for with this pawn structure.} 13. Nd2 d5 $1 {This is where I first
logged in to watch the games and I felt something had gone wrong for Caruana. 
(...and I also felt that the b4-pawn might have been happier on b3, so that
White could play Ba3 and perhaps Qc3-b4-d6.)} 14. a4 ({The engines love - if
that is the right word - to play} 14. c5 $5 {, but although White gets a free
hand on the queenside, the same is basically true for Black on the kingside.
Also, should White choose to play 0-0-0, it is still possible to apply the can
opener with b6 and a5.} Nf8 15. h3 {[%cal Rc8g4]} Ng6 16. a4 Bd7 17. b5 Nh4 18.
Kf1 (18. O-O Qc8 19. Kh2 Nxg2) (18. Rg1 Qc7) (18. g3 Nf3+ $1 19. Nxf3 exf3 20.
Bxf3 cxb5 {and Bc1 is a hundred miles awar from a life.}) 18... h6 {and with
Nf6-h7-g5 coming next, White must start wondering whether it will be enough to
get a rook down to b7? (The answer is: probably not.)}) 14... dxc4 $1 {If
White had more pressure on e4, this would not be recommendable, but in this
situation Black is better developed, has a wonderful square for a knight on d5
and does not have to worry about e4.} 15. Nxc4 Nb6 $1 16. Na5 (16. Ne5 Nfd5 $1)
(16. O-O Bg4 $1 17. Bxg4 Nxg4 18. h3 Nf6 19. Bd2 {and the engine wants me to
believe that the position is almost equal. Well... after} Nfd5 20. Qb3 Nxc4 21.
Qxc4 Re6 22. b5 Qd7 23. Qb3 a6 $1 24. bxc6 Rxc6 25. Rfc1 Rac8 {I would under
no circumstances want to play the White side.}) 16... Nbd5 (16... Nfd5 17. Qd2
Qg5 {looks very promising too.}) 17. Qd2 Qc7 18. h3 Re6 $5 {A lovely move that
has more than one function. On one hand it is ready to attack the kingside at
any moment, but also it might come in handy if White continues with b4-b5.} 19.
Ba3 (19. Nc4 Ne8 20. b5 cxb5 (20... a6 21. bxa6 b5 $5) 21. axb5 Nd6 22. Nxd6
Rxd6 23. Bb2 Rg6 24. Rc1 Qd6 25. Kf1 Be6 26. Rc5 Qd7) ({White's natural plan
is to play b4-b5, but when Black's pieces are so well organised and active, it
tends to backfire:} 19. b5 $6 cxb5 20. axb5 Bd7 $1 21. Ba3 b6 22. Rc1 Qb8 23.
Nc6 Qe8 {and pawns will fall.}) 19... a6 20. Nb3 $6 {This knight is feeling a
bit lost. It was well placed on a5, but there was no way forward. Now it seeks
greener pasture, but it turns out to be no better than the last one. In the
meantime Anand improves his forces' coordination further.} Ne8 $3 {Another
great move. From d6 the knight keeps and eye on e4, c4 and f5, while it makes
b4-b5 harder to play for White. It also opens the road to g6 for the rook. You
cannot ask for more from one move.} 21. Nc5 Rg6 22. g3 ({It's horrible to
leave the f-pawn behind in this way, but} 22. Kf1 Nd6 {was not an option.})
22... Nd6 23. a5 {This move looks like a sign of desperation. Not only does
White give up all future counterplay on the queenside, but also the bishop on
a3 gets completely entombed. I would normally give such a move a "?!", but I
trust that Caruana had better reasons that my engine and I can whip up in five
minutes.} Bf5 $1 24. Qc2 Re8 25. O-O-O Qc8 (25... Ra8 $5 {[%cal Gb7b6]}) 26. g4
Bd7 27. Kb1 f5 $5 ({There is some kind of mute, unformulated guideline, that
tells me to attack the g4-pawn with} 27... h5 {rather than move the f-pawn.
Perhaps it is because I prefer to keep my pawns in one long chain. However, in
this position, Anand's choice makes even more sense as it opens the f-file
towards f2.} 28. Rh2 hxg4 29. hxg4 Bxg4 30. Rdh1 f5 $17) 28. gxf5 Rf6 29. Rdg1
Bxf5 30. h4 Ref8 31. Rh2 Kh8 {It seems that Anand is keeping the tempo up as
Caruana feels the pressure from the clock.} ({Here I see no defence against} 
31... Qc7 32. Rhg2 Bc8 $1 {and the f2-pawn falls:} 33. Bc1 (33. Bd1 Nb5 $19) (
33. Bf1 Qf7) (33. Rxg7+ Qxg7 34. Rxg7+ Kxg7 {is utterly hopeless for White who
has only one active piece.}) 33... Rxf2) 32. Qd2 Rg6 33. Rxg6 hxg6 $5 {This
makes things a bit harder, but in time pressure it is almost impossible for
White to find the defence.} (33... Bxg6) 34. h5 $1 g5 35. h6 g6 36. Bb2 $6 {
After this move White is irreversibly lost. The only chance was to try to
exchange the Be2 for another piece than Black's bishop:} (36. Bd1 $1 Bg4 37.
Bb3 Bf3 $1 38. Qc1 {and White can try something with Bxd5 and then queen to g3.
Still, Black should win with ...g4 and then Rf8-f5-h5.}) 36... Bg4 $1 37. Bf1
Kh7 38. Ka1 Bf3 {To quote Italo Svevo, White's position has become the "tomb
of its (sic) good intentions". The rest is just a demonstration of how
helpless White is.} 39. Rh3 g4 40. Rg3 Rf5 41. Na4 Qf8 42. Nb6 Qxh6 43. Nxd5
cxd5 44. Qc1 Qh1 45. Qc7+ {This loses fast, but everything else loses almost
as fast.} Rf7 46. Qxd6 Qxf1+ 47. Ka2 Be2 {White has no way to deal with Bc4+,
followed by Qd3, so he resigned.} 0-1

[Event "Sinquefield Cup 5th"]
[Site "Saint Louis"]
[Date "2017.08.06"]
[Round "5"]
[White "Anand, Viswanathan"]
[Black "Caruana, Fabiano"]
[Result "1-0"]
[WhiteElo "2783"]
[BlackElo "2807"]
[Annotator "Marin,M"]
[PlyCount "57"]
[EventDate "2017.08.02"]
[EventType "tourn"]
[EventRounds "9"]
[EventCountry "USA"]
[EventCategory "22"]
[SourceTitle "CBM 180"]
[Source "ChessBase"]
[SourceDate "2017.09.13"]
[SourceVersion "1"]
[SourceVersionDate "2017.09.13"]
[SourceQuality "1"]

1. c4 e5 2. Nc3 Nf6 3. Nf3 Nc6 4. g3 d5 5. cxd5 Nxd5 6. Bg2 Bc5 $5 {In the
past this was played only occasionally. Players with Black probably thought
that treating the Reversed Dragon (meaning with a tempo less for Black) in
such an aggressive way would be too risky. The main idea of the last move is
keeping the knight on d5 without allowing Nxe5 or d2-d4, usually offering
White the initiative.} 7. O-O {A neutral developing move, intending keeping
all the threats in the centre.} (7. Nxe5 {does not look too promising:} Nxc3 8.
bxc3 ({One important point is that with the bishop on c5} 8. Nxc6 $2 {is
impossible due to} Qf6 $19 {[%csl Gd1,Gf2]}) 8... Nxe5 9. d4 Bd6 $5 $146 (9...
Ng4 {Schwierskott,M (2162)-Schmid,F (2087) Bayern 2003 (0-1, 68)} 10. f3) (9...
Bb6 10. dxe5 Qxd1+ 11. Kxd1 c6 {Simurdova,Z (1730)-Pokorna,K (1410) Sec u
Chrudimi 2008 (1-0, 45)} 12. f4 $16) 10. dxe5 Bxe5 11. Qxd8+ Kxd8 $11) 7... O-O
{Fortunately, Black can answer with the same method.} (7... Be6 $2 {leaves b7
undefended:} 8. Nxe5 Nxe5 9. d4 Nxc3 10. bxc3 Bd6 11. dxe5 Bxe5 12. Bxb7 $16)
8. d3 (8. Nxe5 {still does not work.} Nxc3 9. bxc3 (9. Nxc6 Nxd1 10. Nxd8 Bxf2+
$1 $15) 9... Nxe5 10. d4 Bd6 11. dxe5 Bxe5 $11) ({There have been some
developments after} 8. Nxd5 Qxd5 9. d3 (9. Ng5 Qd8 10. Nxh7 Re8 {[%cal Gf7f6,
Gc5e7]} 11. Ng5 Qxg5 12. Bxc6 bxc6 13. d4 Qh5 14. dxc5 e4 $44 {Aronian,L (2799)
-Caruana,F (2807) Saint Louis 2017 (1-0, 52)}) 9... Bb6 10. b4 e4 $5 {It looks
like a good idea to use the temporary activity of the queen and dark-squared
bishop for fighting for the initiative. Otherwise White may be simply better.}
(10... a5 $5) (10... Nxb4 11. Bb2 e4 12. Ne5 $14) (10... Re8 11. Bb2 Qd6 12. b5
Nd4 13. a4 a6 14. a5 Bc5 15. bxa6 Rxa6 16. Nd2 Qg6 17. e3 $14 Bg4 18. f3 $16 {
Gelfand,B (2729)-Inarkiev,E (2702) Nazran 2017 (1-0, 50)}) 11. Ng5 Qd4 12. Be3
Qxb4 13. Nxe4 Bxe3 ({Improving over a game played between the same players one
week earlier:} 13... Bg4 14. h3 Bh5 15. Rb1 Qe7 16. Qd2 $14 {Nakamura,H (2792)
-Karjakin,S (2773) Saint Louis 2017 (1/2-1/2, 34)}) 14. fxe3 Qe7 {The central
pawns are not necessarily strong as Black might have feared in the first game.
They could easily become weak.} 15. Qd2 Ne5 16. Rac1 c6 17. Nc5 Ng4 18. e4 b6
19. Na4 {Nakamura,H (2792)-Karjakin,S (2773) Saint Louis (blitz) 2017 (1-0, 53)
} Qd7 $15 {[%cal Gc6c5,Gf8d8,Gc8b7]}) 8... Bb6 ({This prophylactic move surely
is better than} 8... Be6 9. Ng5 Nxc3 10. bxc3 $14 Bd5 11. e4 $16) ({But it is
not clear how to get an advantage after a neutral move such as} 8... h6 {
One possible continuation is} 9. Nxd5 Qxd5 10. Nd2 Qe6 11. b3 {[%cal Gc1b2,
Ga1c1] with pleasant play, even though not necessarily better an objective
advantage.}) 9. Bd2 ({This apparently modest developing move is more
constructive than} 9. Na4 {, aiming to take the bishop pair, but neglecting
the development and control in the centre.} Re8 10. a3 (10. Bg5 Qd6 11. Nd2 Qg6
12. Ne4 Bg4 13. h3 Be6 14. Bd2 Rad8 15. Kh2 Kh8 16. a3 f5 17. Nec5 Bc8 18. b4
e4 $15 {Eljanov,P (2739)-Grischuk,A (2761) Geneve 2017 (0-1, 38), with perfect
regrouping and active play in the centre.}) 10... Nd4 11. e3 Nxf3+ 12. Qxf3 c6
13. b4 Be6 14. Bb2 Qd7 15. Qe2 Bg4 16. Qc2 Bh3 $11 {Gelfand,B (2728)-Adams,M 
(2736) Geneve 2017 (1/2-1/2, 24)}) 9... Bg4 $146 ({I am not sure to which
extent this improves over} 9... Be6 10. Ng5 Nxc3 11. bxc3 (11. Nxe6 {leads to
interesting play:} Nxe2+ 12. Qxe2 fxe6 13. Bxc6 bxc6 14. Qxe5 Qxd3 15. Qxe6+
Kh8 16. Bf4 Rae8 17. Qxc6 Re2 18. Rad1 Bxf2+ $6 19. Kh1 Qf5 20. Rd2 $14 {
But in this line 18...Qa6 looks better, threatening ...Bxf2+ and ...Qxa2
simultaneously.}) 11... Bd7 12. c4 {White's position after the last exchange
looks at least more pleasant. True, there was no need to help the knight
improve its position with the following series of pawn moves.} h6 13. Ne4 f5
14. Nc3 f4 15. Rb1 Qc8 16. Ne4 $14 {Adzic,S (2130)-Nemeth,H (1648) Hungary
2012 (1-0, 31)}) 10. Rc1 ({It remains an open question why not} 10. h3 Be6 (
10... Bh5 11. g4 Bg6 12. Nxe5 Nxc3 13. Bxc3 {wins a pawn. The kingside
weakness does not seem to fully compensate for it.}) 11. Ng5 {with similar
play to that in the previous line. The weakness induced by h2-h3 does not seem
to be so telling.}) 10... Nxc3 {This looks like a concession, but Caruana was
probably not satisfied by the alternatives.} (10... Qd7 $2 11. Nxe5 $16) (10...
f6 11. Qb3 (11. Nxe5 $2 Nxc3 12. Nxc6 Nxd1 13. Nxd8 Nxf2 $17) 11... Be6 12. Ng5
fxg5 13. Bxd5 $14) (10... Re8 11. h3 Bh5 12. Nxd5 Qxd5 {[%csl Ga2]} 13. a4 $5 {
[%cal Gb2b4]} a5 14. g4 Bg6 15. Nh4 {with pleasant play on the light squares.})
11. Bxc3 ({With the bishop on d2 the knight has not enough space for
manoeuvring:} 11. bxc3 Qd7 12. Ng5 (12. c4 Bc5 13. Ng5 Nd4 14. Re1 Rad8 15. Ne4
Be7 $15) 12... f6 $1 $15) 11... Re8 12. b4 {Black is actively developed but
White can start his queenside play without loss of time.} Qd6 {This logical
move does not receive the engines' approval. But the recommended invasion of
the d4-square tends to leave the b6-bishop out of play:} (12... Nd4 13. Bxd4
exd4 14. a4 c6 (14... a6 {may be better but Black's bishop does not impress
after} 15. Re1 {[%cal Gf3d2]}) 15. a5 Bc7 16. a6 $36) (12... a5 13. b5 Nd4 14.
Bxd4 exd4 15. a4 {[%csl Gb6,Gb7][%cal Gf1e1,Gf3d2,Gd2c4] In the long run
White's position may prove easier to play.}) 13. Nd2 Qh6 {Trying to keep the
possibility of a central counter-attack.} (13... Rad8 14. Nc4 Qe6 15. a4 $36)
14. Nc4 (14. a4 Rad8 15. Nc4 $6 e4 $17) 14... Qh5 15. Rc2 {This rook lift
works out well in similar positions, but here it may not be strongest, since
there is no immediate way of activating the queen.} (15. Re1 Rad8 16. Qc2 Bh3
17. Bh1 $14 {The last move reveals another merit of 15.Re1.}) 15... Rad8 16.
Nxb6 cxb6 (16... axb6 17. b5 Nd4 18. Bxd4 exd4 19. Re1 Qxb5 20. Rxc7 $14) {
White has got the bishop pair and the better structure but he needs to play
carefully as Black is very active.} 17. f3 {Due to White's choice on move 15
there was no other way of reducing Black's pressure in the centre.} (17. Rd2 b5
18. a4 a6 19. axb5 axb5 20. Qc2 Bh3 21. Bf3 Bg4 $11) 17... Be6 18. Qd2 b5 19.
f4 {The best way of putting the bishop pair to work.} Bg4 $6 {Obviously
missing White's 22nd move or the 26th move in the next comment.} ({Pawn
reaction in the centre would not offer full equality:} 19... exf4 20. Rxf4 $36)
({or} 19... f6 20. fxe5 fxe5 21. Qe3 $14) ({But Black could try} 19... Bd5 {
for instance} 20. e4 Bc4 21. Bf3 Qh3 22. Be2 f6 $11 {Both sides will find it
difficult to make progress in this static position.}) 20. Bxc6 $1 {Winning a
pawn which will not be as easy to retrieve as Caruana thought.} bxc6 21. fxe5
f6 {Does Black really retrieve the pawn?!} 22. exf6 $3 {People may have
started forgetting that not such a long time ago (a couple of decades) Anand
entered the top arena as a brilliant combinative player.} Rxe2 23. f7+ Kf8 24.
Bxg7+ $1 Kxg7 25. Qc3+ Re5 ({The hidden point of the combination is that} 25...
Qe5 {runs into} 26. Rxe2 $3 Qxc3 27. Re8 Qd4+ 28. Rf2 Qxb4 29. f8=Q+ Qxf8 30.
Rfxf8 Rxd3 31. Rg8+ {The manoeuvre initiated by this move wins the a7-pawn by
force.} Kf7 32. Ref8+ Ke7 33. Ra8 Bf5 34. Rxa7+ $18 {Pawns are equal and even
though his king is temporarily passive, White should convert his clear extra
exchange.}) 26. Qd4 $1 Qg5 27. Rc5 $1 Rxd4 28. f8=Q+ Kg6 29. Qf7+ (29. Qf7+ Kh6
30. Rf6+) 1-0